Технологические схемы комбинированного и подземного способов разработки угольных месторождений Республики Саха (Якутия) / (Record no. 318817)
[ view plain ]
| 000 -LEADER | |
|---|---|
| fixed length control field | 01260nam a2200229 a 4500 |
| 001 - CONTROL NUMBER | |
| control field | 000939345 |
| 003 - CONTROL NUMBER IDENTIFIER | |
| control field | AM-YeHGA |
| 005 - DATE AND TIME OF LATEST TRANSACTION | |
| control field | 20250617145813.0 |
| 008 - FIXED-LENGTH DATA ELEMENTS--GENERAL INFORMATION | |
| fixed length control field | 130219s2011 ||| r 000 0 rus d |
| 020 ## - INTERNATIONAL STANDARD BOOK NUMBER | |
| International Standard Book Number | 9785932541081 |
| 040 ## - CATALOGING SOURCE | |
| Original cataloging agency | AM-YeHGA |
| 041 0# - LANGUAGE CODE | |
| Language code of text/sound track or separate title | rus |
| 090 ## - LOCALLY ASSIGNED LC-TYPE CALL NUMBER (OCLC); LOCAL CALL NUMBER (RLIN) | |
| -- | 320550 |
| 100 1# - MAIN ENTRY--PERSONAL NAME | |
| Personal name | Васильев, Петр Назарович |
| 245 10 - TITLE STATEMENT | |
| Title | Технологические схемы комбинированного и подземного способов разработки угольных месторождений Республики Саха (Якутия) / |
| Statement of responsibility, etc. | П.Н. Васильев, В.П. Зубков; Отв. ред Б.Н. Заровняев; Учреждение РАН, Ин-т горного дела Севера им. Н.В. Черского Сиб. отд. РАН. |
| 260 ## - PUBLICATION, DISTRIBUTION, ETC. | |
| Place of publication, distribution, etc. | Якутск : |
| Name of publisher, distributor, etc. | Изд-во Ин-та мерзловедения СО РАН, |
| Date of publication, distribution, etc. | 2011. |
| 300 ## - PHYSICAL DESCRIPTION | |
| Extent | 116 с. : |
| Other physical details | ил., табл. |
| 653 0# - INDEX TERM--UNCONTROLLED | |
| Uncontrolled term | Угольные месторождения - Якутия |
| 700 1# - ADDED ENTRY--PERSONAL NAME | |
| Personal name | Зубков, Владимир Петрович |
| 700 1# - ADDED ENTRY--PERSONAL NAME | |
| Personal name | Заровняев, Б.Н. |
| Relator term | ред. |
| Relationship | edt |
| 710 2# - ADDED ENTRY--CORPORATE NAME | |
| Corporate name or jurisdiction name as entry element | Институт горного дела Севера РАН |
| Subordinate unit | Сибирское отделение |
| Withdrawn status | Lost status | Damaged status | Not for loan | Collection | Home library | Current library | Date acquired | Total checkouts | Full call number | Barcode | Date last seen | Price effective from | Koha item type | Public note |
|---|---|---|---|---|---|---|---|---|---|---|---|---|---|---|
| General | Fundamental Scientific Library | Fundamental Scientific Library | 09/01/2017 | PII/656379 | FL0224457 | 09/01/2017 | 09/01/2017 | Գրքեր / Books | 30 Days Loan |
ՀՀ Գիտությունների ազգային ակադեմիայի հիմնարար գիտական գրադարան = Fundamental Scientific Library of NAS RA
All site content, except where otherwise noted, is licensed under a